000 00407nam a22001577a 4500
999 _c252649
_d252648
003 OSt
005 20200616132200.0
008 160226b xxu||||| |||| 00| 0 eng d
020 _a0131112198
040 _cN/A
100 _aBias John Sheridan
245 _aAlong these lines : writing paragraphs and essays
250 _a3RD EDD
260 _aUPPER SADDLE RIVER
_bPRENTICE HALL
_c2003
942 _2lcc
_cBK